00506nam a2200145 a 450000100100000000500170001000800410002704000250006808200150009310000240010824501260013226000580025830000260031670000180034200003396920200930070650.0110915s1893 xxu 000 0 eng d aDO-SdBNPbspacBNPHU axxxbF633t1 aFlorentino, Nicolau10aThe wife of Columbus :bwith genealogical tree of the perestrello and moniz families /cNicolau Florentino, Regina Maney. aNew York :bPress of Stettiner, Lambert & co.,c1893. axiii, 48 p. ;c19 cm.1 aManey, Regina